|
|
|
|
| LEADER |
01199nam a2200277 a 4500 |
| 001 |
26952 |
| 008 |
130512s1997 maua b 000 0 eng d |
| 010 |
|
|
|a 98156455
|
| 020 |
|
|
|a 9715611044
|
| 040 |
|
|
|a MH-KG
|c MH-KG
|d DLC
|d BD-DhAAL
|
| 082 |
0 |
0 |
|a 363.7/02/095
|2 21
|
| 245 |
0 |
0 |
|a Measuring environmental quality in Asia /
|c Peter P. Rogers ... [et al.].
|
| 260 |
|
|
|a Cambridge, Mass. :
|b Division of Engineering and Applied Sciences, Harvard University and the Asian Development Bank :
|b Harvard University Press,
|c c1997.
|
| 300 |
|
|
|a xxii, 386 p. :
|b ill ;
|c 23 cm.
|
| 500 |
|
|
|a Errata slip inserted.
|
| 504 |
|
|
|a Includes bibliographical references.
|
| 541 |
1 |
|
|e 26952
|
| 651 |
|
0 |
|a Asia
|x Environmental conditions.
|
| 650 |
|
0 |
|a Environmental monitoring
|z Asia.
|
| 650 |
|
0 |
|a Environmental indicators.
|
| 700 |
1 |
|
|a Rogers, Peter P.,
|d 1937-
|
| 710 |
2 |
|
|a Harvard University.
|b Division of Engineering and Applied Sciences.
|
| 710 |
2 |
|
|a Asian Development Bank.
|
| 852 |
1 |
|
|a Ayesha Abed Library
|j General Shelf.
|
| 999 |
|
|
|c 13443
|d 13443
|
| 952 |
|
|
|0 0
|1 0
|2 ddc
|4 0
|6 363_702095000000000_MEA
|7 0
|9 22397
|a BRACUL
|b BRACUL
|c GEN
|d 2013-05-19
|e VC of BRACU
|l 0
|o 363.702095 MEA
|p 3010026952
|r 2013-05-19
|t 1
|w 2013-05-19
|y BK
|